1136 1770 1825 1899 1376 1474 1308 1932 1440 1398 1308 1298 1920 1500 1493 1684 1494 1207 1681 1147 1990 1477 1440 1328 1427 1732 1158 1009 1069 1638 1514 1191 1776 1326 1506 1513 1094 1792 1399 1414 1847 1561 1177 1082 1079 1808 1043 1602 1399 1275 1401 1400 1779 1028 1312 1004 1589 1164 1135 1011 1968 1808 1820 1830 1337 1123 1894 1232 1715 1850 1704 1186 1419 1059 1597 1768 1892 1576 1986 1930 1510 1060 1576 1075 1553 1318 1780 1550 1855 1752 1680 1017 1096 1282 2000 1404 1264 1914 1756 BCNSPRNW ULIB Ver.6.0+V

เปลี่ยนเป็นภาษาไทย

Change to English
 แสดงรายละเอียดบรรณานุกรม
  กลับหน้าหลัก

Brief Record : Get Marc (ISO 2709) : E-mail record : QR code < ปิดหน้าต่าง
LEADER : 00000nam 2200000uu 4500
001    13399125694
003     ULIB
008    170716s2558||||th 000 0 tha d
020    ^a9786160428915
060  0 ^aWI300^bช841ล
100 0  ^aไช่, อิงเจี๋ย
245 00 ^aลำไส้ดี ชีวียืนยาว /^cไช่, อิงเจี๋ย
260    ^aกรุงเทพฯ :^bอินสปายร์ ;^c2558
300    ^a216 หน้า ;^c21 ซม.
650  0 ^aระบบกระเพาะอาหารและลำไส้--โรค
700 0  ^aชาญ ธนประกอบ^eผู้แปล
945    ^p265^l0^i25266
999    ^aกัณชพร จุลอักษร
รายการนี้ยังไม่มีแท็ก
คุณยังไม่ได้ล็อกอิน คุณสามารถมีกิจกรรมร่วมกับเว็บไซต์ได้ แต่ต้องล็อกอินก่อน ::
  ล็อกอิน

รายการสื่อสารสนเทศ

ลำดับที่ ประเภท เลขเรียก/บาร์โค้ด สถานที่ สถานะ
1. วิทยาศาสตร์การแพทย์ และสุขภาพ
วิทยาศาสตร์การแพทย์ และสุขภาพ
สถานะ=หนังสือเก่า
WI300 ช841ล ฉ.1 
  Barcode: 25266
ห้องสมุดวิทยาเขตนครสวรรค์
►ส่วนจัดเก็บหนังสือเก่า นว.
บนชั้น
  ขอยืม

รายการใกล้เคียง
    ผู้แต่ง [ไช่, อิงเจี๋ย]

    หัวเรื่อง [ระบบกระเพาะอาหารและลำไส้--โรค]

BibComment


ยังไม่เคยถูกคอมเมนท์

คอมเมนท์ทรัพยากรรายการนี้
  คอมเมนท์: ลำไส้ดี ชีวียืนย..


 Copyright 2026. Bcnsprnw @Library